Statistics for New York Knicks 1st round picks

Click here to take the quiz!

General Stats

  • This quiz has been taken 281 times
  • The average score is 5 of 25

Answer Stats

YearDrafted #CollegeAnswer% Correct
19851GeorgetownPatrick Ewing
90%
20086ItalyDanilo Gallinari
38%
201117Georgia TechIman Shumpert
38%
199112UNLVGreg Anthony
31%
198718St. John'sMark Jackson
27%
20098ArizonaJordan Hill
26%
20027BrazilNene
26%
200530FloridaDavid Lee
24%
200723DePaulWilson Chandler
21%
199426Florida StateCharlie Ward
18%
199424Notre DameMonty Williams
17%
19865KentuckyKenny Walker
16%
199915FranceFrederic Weis
15%
199618SyracuseJohn Wallace
15%
20058ArizonaChanning Frye
14%
199621Mississippi StateDontae' Jones
14%
199220North CarolinaHubert Davis
13%
20039GeorgetownMichael Sweetney
12%
200620South CarolinaRenaldo Balkman
10%
198819DePaulRod Strickland
10%
199725MinnesotaJohn Thomas
9%
199619KentuckyWalter McCarty
9%
200629TempleMardy Collins
7%
199017MarylandJerrod Mustaf
5%
200022FloridaDonnell Harvey
4%

Score Distribution

Percentile by Number Answered

Percent of People with Each Score

Your Score History

You have not taken this quiz